Normal view
MARC view
- GOTAL,Manish/Bali,n.p
Entry Personal Name
001 - CONTROL NUMBER
- control field: 3781
003 - CONTROL NUMBER IDENTIFIER
- control field: JO-AjAnu
005 - DATE AND TIME OF LATEST TRANSACTION
- control field: 20230606070925.0
008 - FIXED-LENGTH DATA ELEMENTS
- fixed length control field: 230606|| aca||aabn | a|a d
040 ## - CATALOGING SOURCE
- Original cataloging agency: JO-AjAnu
- Transcribing agency: JO-AjAnu
100 ## - HEADING--PERSONAL NAME
- Personal name: GOTAL,Manish/Bali,n.p
670 ## - SOURCE DATA FOUND
- Source citation: Work cat.: (JO-AjAnu)1973: GOTAL,Manish/Bali,n.p, author, A textbook Engineering Mathematics